000 00818nam a2200253Ia 4500
003 OSt
005 20220926015219.0
006 a|||||r|||| 00| 0
007 ta
008 220923b |||||||| |||| 00| 0 eng d
037 _cGeneral Book
040 _aRTL
_cRTL
_beng
041 _2eng
_aeng
082 _aX:89P:(B).730m42.N8, M5
100 _aBaumol William J
_915138
245 0 _aProductivity growth and U S competitveness
260 _aNew York
_bOxford University Press
_c1985
300 _ax,226p
_ccm.
490 _aCommittee For Economic Development , Supplementary Paper
650 _aProduction Engeeniring
700 _a Molennan Kenneth Ed.
_9321728
942 _hX:89P:(B).730m42.N8, M5
_cGB
_2CC
999 _c630759
_d630759